[Event "29th CRO-chT Junior 2020"]
[Site "Cakovec"]
[Date "2020.07.17"]
[Round "7.15"]
[White "Troselj, Ivan"]
[Black "Borzan, Andrej"]
[Result "0-1"]
[WhiteElo "1857"]
[BlackElo "1983"]
[Annotator "TA"]
[PlyCount "118"]
[EventDate "2020.07.14"]
[EventType "team-tourn"]
[EventCountry "CRO"]
[SourceTitle "playchess.com"]
[Source "ChessBase"]
[SourceQuality "1"]

{[%evp 18,118,33,16,58,31,38,-92,16,0,142,0,0,0,0,0,0,0,6,0,30,27,42,0,11,-93,-91,-86,-81,-160,-162,-156,-159,-187,-176,-190,-189,-187,-181,-169,-184,-179,-184,-212,-204,-210,-202,-312,-251,-393,-394,-481,-480,-443,-471,-471,-503,-503,-509,-473,-412,-412,-379,-523,-500,-487,-508,-461,-446,-364,-30,-30,-31,-35,-35,-35,-38,-39,-8,-1240,-995,-3910,-2982,-29957,-11226,-6608,-7132,-4413,0,0,0,-29979,-29980,-29980,-29980,-29988,-29989,-29989,-29988,-29988,-29989,-29992,-29993]} 1. e4 d6 2. d4 Nf6 3. Nc3 g6 4. Nf3 Bg7 5. Bc4 O-O 6. O-O Nxe4 7. Nxe4 d5 8. Bd3 dxe4 9. Bxe4 c6 10. c3 Qc7 {B08: Pirc Defence: Classical System.} 11. Be3 Nd7 12. Qd2 {[#]} (12. Re1 $14 {stays ahead.}) 12... e5 $146 ({Black should play} 12... f5 $1 $17 {[%cal Rf5e4]} 13. Ng5 fxe4) ({Predecessor:} 12... f5 13. Bf4 e5 14. Nxe5 fxe4 15. Nxg6 Rxf4 16. Nxf4 Bh6 17. Ne6 Bxd2 18. Nxc7 Rb8 19. Rad1 Bh6 20. d5 Ne5 21. Rd4 Bf4 22. d6 Kf7 23. h3 Nf3+ {½-½ (23) Vasquez Ayola,J-Zapata Cuartas,J (2089) Medellin 2011}) 13. Bh6 f5 (13... Nf6 $11 {remains equal.} 14. Rae1 exd4) 14. Bxg7 (14. Bc2 $16) 14... Kxg7 $11 15. Bc2 e4 16. Ng5 {Strongly threatening Ne6+.} Nf6 $36 {[%mdl 2048] Black fights for an advantage.} 17. f3 h6 18. Nh3 exf3 19. Rxf3 Re8 20. Re1 Bd7 21. Bb3 (21. Nf4 $11) 21... Rxe1+ $17 22. Qxe1 {White wants to mate with Qe7+.} Re8 23. Re3 (23. Qd2 $142) 23... Rxe3 $1 24. Qxe3 {Threatening mate with Qe7+.} Qxh2+ $1 {[%mdl 64] Decoy} 25. Kxh2 {Qe7+ would kill now.} Ng4+ {[%mdl 64] Double Attack} 26. Kg3 {White threatens Qe7+ and mate.} Nxe3 $19 {[%mdl 4096] Endgame KBN-KBN} 27. Kf3 Ng4 28. Nf4 Kf6 29. Nd3 b6 {[%cal Bb7b6,Bb6b5][%mdl 32]} 30. Nb4 a5 {[%cal Ba7a5,Ba5a4][%mdl 32]} 31. Nd3 g5 32. c4 (32. g3 $142) 32... Be6 33. c5 (33. g3 $142) 33... b5 $1 34. Nc1 a4 35. Bxe6 Kxe6 {KN-KN} 36. Ne2 Nf6 37. Nc3 Nd5 38. Ne2 Nb4 39. Nc3 Nd3 40. b3 axb3 41. axb3 Nc1 42. b4 Nd3 43. d5+ cxd5 $2 (43... Kd7 $1 $19 44. dxc6+ Kxc6) 44. Nxb5 $11 Nxb4 45. Nd4+ $1 Ke5 46. c6 $1 {[%cal Rc6c7] Hoping for c7.} Na6 47. Nb5 g4+ 48. Kg3 $2 {[%mdl 8192]} (48. Ke2 $11) 48... h5 $19 49. c7 {[#]} Nxc7 $1 {[%mdl 512]} 50. Nxc7 {KN-KP} f4+ (50... d4 $142 51. Nb5 f4+ 52. Kh4 d3 53. Nc3 d2 54. Nd1 f3 55. g3 Ke4 56. Kxh5 f2 $1 {[%mdl 512]} 57. Nxf2+ Kf3 $1 {[%mdl 576] Double Attack} 58. Nxg4 d1=Q 59. Nf6 Kxg3+ 60. Kg5 Kf3 61. Nh5 Qd5+ 62. Kg6 Qe6+ 63. Kg5 Qg4+ 64. Kh6 Qf5 65. Ng7 Qf6+ 66. Kh7 Kg4 67. Ne8 Qe7+ 68. Kh6 Qxe8 69. Kh7 Qd7+ 70. Kg8 Kg5 71. Kh8 Kh6 72. Kg8 Qg7#) 51. Kf2 h4 52. Na6 {[#]} h3 $2 ({Better is} 52... Kd4 $1 $19 53. Nc7 Ke4) 53. gxh3 $1 $11 gxh3 {...Kd4 is the strong threat. KN-K3P} 54. Nb4 $2 {[%mdl 8192]} (54. Nc5 $11) 54... Ke4 {Black mates.} 55. Nc2 d4 56. Ne1 h2 57. Kg2 d3 58. Nxd3 Kxd3 59. Kf2 {[#]} f3 $1 {[%mdl 64] Promotion. Accuracy: White = 49%, Black = 71%.} 0-1

[Event "29th CRO-chT Junior 2020"]
[Site "Cakovec"]
[Date "2020.07.17"]
[Round "7.16"]
[White "Colev, Ivor"]
[Black "Zekic, Patrik"]
[Result "1/2-1/2"]
[WhiteElo "1893"]
[BlackElo "1699"]
[Annotator "NA RC"]
[PlyCount "83"]
[EventDate "2020.07.14"]
[EventType "team-tourn"]
[EventCountry "CRO"]
[SourceTitle "playchess.com"]
[Source "ChessBase"]
[SourceQuality "1"]
[TimeControl "5400+30"]

{[%evp 8,81,0,11,14,0,10,-6,43,12,37,27,70,15,24,-32,-7,-16,-26,-23,-10,-16,-22,-26,-8,-122,32767,32767,32767,32767,32767,-78,-77,-87,-74,-97,-103,-120,-82,-105,-49,-90,-82,-143,0,-2,-3,0,0,0,-2,0,0,-2,0,0,0,0,-1,-4,0,32767,32767,32767,32767,0,0,-47,-10,-14,0,0,5,0,10,8]} 1. e4 {[%emt 0:00:30]} e6 {[%emt 0:00:30]} 2. d4 {[%emt 0:00:00]} d5 {[%emt 0:00:00]} 3. Nd2 {[%emt 0:00:00]} Be7 {[%emt 0:00:00]} 4. Bd3 {[%emt 0:12:30]} c5 {[%emt 0:00:30]} 5. dxc5 {[%emt 0:03:30]} Nf6 {[%emt 0:01:30]} 6. exd5 {[%emt 0:00:30]} Qxd5 {[%emt 0:01:30]} 7. Ngf3 {[%emt 0:00:30]} Bxc5 {[%emt 0:00:30] C03: French Tarrasch: Unusual Black 3rd moves.} 8. O-O {[%emt 0:00:30]} O-O {[%emt 0:00:30]} 9. Qe2 {[%emt 0:00:30]} Nc6 {[%emt 0:32:30]} 10. Bc4 {[%emt 0:04:30]} Qh5 {[%emt 0:13:30] [#]} 11. b3 $146 {[%emt 0:17:30]} ({Predecessor:} 11. Ne4 $11 Nxe4 12. Qxe4 e5 13. Ng5 Bb6 14. c3 Bd7 15. Be3 Bxe3 16. Qxe3 Kh8 17. Rad1 Bf5 18. f3 {1-0 (25) Ginsburg,G (2509)-Stojanovic,M (2539) Germany 2015}) 11... b6 {[%emt 0:11:30]} 12. Bb2 {[%emt 0:01:30]} Bb7 {[%emt 0:03:30]} 13. a3 {[%emt 0:09:30]} Nd5 {[%emt 0:05:30]} 14. Bxd5 {[%emt 0:10:30]} Qxd5 {[%emt 0:00:30]} 15. b4 {[%emt 0:01:30]} Nd4 {[%emt 0:06:46]} 16. Qe5 {[%emt 0:11:30]} (16. Bxd4 $1 $11 {remains equal.} Bxd4 17. c4) 16... Nxf3+ {[%emt 0:08:42]} 17. Nxf3 {[%emt 0:00:30]} Qxe5 {[%emt 0:00:05]} 18. Nxe5 {[%emt 0:00:00]} Be7 {[%emt 0:00:18]} 19. c4 {[%emt 0:07:00]} Rfd8 {[%emt 0:01:11]} 20. Rfd1 {[%emt 0:03:57]} f6 {[%emt 0:00:46]} 21. Nd3 {[%emt 0:01:10]} Rac8 {[%emt 0:04:26]} 22. c5 {[%emt 0:05:35]} Be4 {[%emt 0:01:16]} 23. Nf4 {[%emt 0:01:50]} Rxd1+ {[%emt 0:01:26]} 24. Rxd1 {[%emt 0:00:13]} e5 {[%emt 0:00:03]} 25. Rd7 {[%emt 0:02:14]} (25. cxb6 $142 axb6 26. f3) 25... Bxc5 {[%emt 0:02:44]} (25... Kf8 $17 26. Ne6+ Kf7 27. Nxg7 bxc5) 26. bxc5 {[%emt 0:01:10]} exf4 {[%emt 0:00:41]} 27. Rd4 {[%emt 0:02:52]} Bg6 {[%emt 0:00:16]} 28. cxb6 {[%emt 0:00:48]} axb6 {[%emt 0:00:27]} 29. Rxf4 {[%emt 0:00:34]} b5 {[%emt 0:00:59]} 30. Rb4 {[%emt 0:00:25]} Be8 {[%emt 0:00:56]} 31. h3 {[%emt 0:00:12]} Rc2 {[%emt 0:00:26]} 32. Kf1 {[%emt 0:01:41]} Bc6 {[%emt 0:00:11]} 33. Kg1 {[%emt 0:00:16]} Kf7 {[%emt 0:00:08]} 34. f3 {[%emt 0:00:57]} Ke6 {[%emt 0:00:09]} 35. Kf1 {[%emt 0:00:20]} Bd5 {[%emt 0:00:15]} 36. Kg1 {[%emt 0:00:25]} Bc4 {[%emt 0:00:37]} 37. Bd4 {[%emt 0:00:43]} Ra2 {[%emt 0:00:36]} 38. Bb2 $1 {[%emt 0:00:16]} g6 {[%emt 0:00:51]} 39. Kf2 {[%emt 0:00:09]} Kf5 {[%emt 0:02:34]} 40. g3 {[%emt 0:01:01]} h5 {[%emt 0:00:19]} 41. Ke3 $11 {[%emt 0:00:27]} g5 {[%emt 0:00:50]} 42. Kf2 {[%emt 0:00:38]} 1/2-1/2

[Event "29th CRO-chT Junior 2020"]
[Site "Cakovec"]
[Date "2020.07.17"]
[Round "7.17"]
[White "Karlovcec, David"]
[Black "Haidinger, Erik"]
[Result "1/2-1/2"]
[WhiteElo "1655"]
[BlackElo "1767"]
[Annotator "NA RC"]
[PlyCount "50"]
[EventDate "2020.07.14"]
[EventType "team-tourn"]
[EventCountry "CRO"]
[SourceTitle "playchess.com"]
[Source "ChessBase"]
[SourceQuality "1"]
[TimeControl "5400+30"]

1. d4 {[%emt 0:00:30]} d5 {[%emt 0:00:30]} 2. Bf4 {[%emt 0:00:00]} c5 {[%emt 0:00:00]} 3. e3 {[%emt 0:00:00]} Nc6 {[%emt 0:00:00]} 4. c3 {[%emt 0:00:30]} Nf6 {[%emt 0:00:30]} 5. Nd2 {[%emt 0:00:30]} cxd4 {[%emt 0:00:30]} 6. exd4 {[%emt 0:00:30]} Bf5 {[%emt 0:00:30]} 7. Ngf3 {[%emt 0:00:30]} e6 {[%emt 0:01:30]} 8. Ne5 {[%emt 0:02:30]} Rc8 {[%emt 0:04:30]} 9. Ndf3 {[%emt 0:03:30]} Bd6 {[%emt 0:05:30]} 10. Bd3 {[%emt 0:02:30]} Bxd3 {[%emt 0:03:30]} 11. Qxd3 {[%emt 0:00:30]} O-O {[%emt 0:02:30]} 12. Bg5 {[%emt 0:09:30]} Be7 {[%emt 0:05:30]} 13. O-O {[%emt 0:04:30]} h6 {[%emt 0:02:30]} 14. Bh4 {[%emt 0:03:30]} Ne4 {[%emt 0:03:30]} 15. Bxe7 {[%emt 0:04:30]} Qxe7 {[%emt 0:03:30]} 16. Nxc6 {[%emt 0:03:30]} bxc6 {[%emt 0:02:30]} 17. Ne5 {[%emt 0:11:30]} c5 {[%emt 0:07:30]} 18. f3 {[%emt 0:15:30]} Nd6 {[%emt 0:02:30]} 19. a3 {[%emt 0:05:30]} c4 {[%emt 0:09:30]} 20. Qe2 {[%emt 0:02:30]} Rc7 {[%emt 0:02:30]} 21. f4 {[%emt 0:07:30]} Rb8 {[%emt 0:01:30]} 22. Rae1 {[%emt 0:03:09]} Rb6 {[%emt 0:01:30]} 23. Ng4 {[%emt 0:04:18]} Nf5 {[%emt 0:21:34]} 24. Ne3 {[%emt 0:04:30]} Nxe3 {[%emt 0:01:27]} 25. Qxe3 {[%emt 0:00:05]} f5 {[%emt 0:06:22]} 1/2-1/2

[Event "29th CRO-chT Junior 2020"]
[Site "Cakovec"]
[Date "2020.07.17"]
[Round "7.18"]
[White "Sundac, Ivano"]
[Black "Stampar, Jakov"]
[Result "1-0"]
[WhiteElo "1408"]
[BlackElo "1465"]
[Annotator "NA RC"]
[PlyCount "81"]
[EventDate "2020.07.14"]
[EventType "team-tourn"]
[EventCountry "CRO"]
[SourceTitle "playchess.com"]
[Source "ChessBase"]
[SourceQuality "1"]
[TimeControl "5400+30"]

1. d4 {[%emt 0:00:30]} Nf6 {[%emt 0:00:30]} 2. Nf3 {[%emt 0:00:00]} e6 {[%emt 0:02:30]} 3. Bf4 {[%emt 0:00:00]} b6 {[%emt 0:02:30]} 4. e3 {[%emt 0:00:00]} Bb7 {[%emt 0:04:30]} 5. Bd3 {[%emt 0:00:00]} Be7 {[%emt 0:03:30]} 6. c3 {[%emt 0:01:30]} d5 {[%emt 0:01:30]} 7. Qc2 {[%emt 0:00:30]} Nbd7 {[%emt 0:01:30]} 8. Nbd2 {[%emt 0:00:30]} Rc8 {[%emt 0:05:30]} 9. Ne5 {[%emt 0:01:30]} Nxe5 {[%emt 0:08:30]} 10. Bxe5 {[%emt 0:00:00]} a6 {[%emt 0:02:30]} 11. h4 {[%emt 0:01:00]} c5 {[%emt 0:01:30]} 12. Qd1 {[%emt 0:00:30]} c4 {[%emt 0:03:30]} 13. Bb1 {[%emt 0:01:30]} b5 {[%emt 0:00:30]} 14. a3 {[%emt 0:00:00]} Bd6 {[%emt 0:04:30]} 15. f4 {[%emt 0:01:00]} a5 {[%emt 0:02:30]} 16. g4 {[%emt 0:00:30]} Bxe5 {[%emt 0:05:30]} 17. fxe5 {[%emt 0:00:00]} Nd7 {[%emt 0:06:30]} 18. g5 {[%emt 0:00:00]} g6 {[%emt 0:04:30]} 19. Qg4 {[%emt 0:00:30]} b4 {[%emt 0:06:30]} 20. h5 {[%emt 0:00:30]} bxc3 {[%emt 0:08:30]} 21. bxc3 {[%emt 0:00:30]} Nf8 {[%emt 0:01:30]} 22. hxg6 {[%emt 0:01:30]} fxg6 {[%emt 0:01:30]} 23. Nf3 {[%emt 0:00:30]} Qb6 {[%emt 0:01:30]} 24. Bc2 {[%emt 0:01:30]} Qb2 {[%emt 0:01:24]} 25. Kd2 {[%emt 0:00:30]} Qb5 {[%emt 0:06:17]} 26. Nh4 {[%emt 0:00:30]} Rg8 {[%emt 0:00:49]} 27. Ng2 {[%emt 0:00:00]} Qd7 {[%emt 0:02:33]} 28. Rab1 {[%emt 0:00:00]} Bc6 {[%emt 0:00:46]} 29. Nf4 {[%emt 0:00:30]} Rg7 {[%emt 0:02:26]} 30. Rb2 {[%emt 0:00:30]} Rc7 {[%emt 0:00:46]} 31. Rb8+ {[%emt 0:00:30]} Rc8 {[%emt 0:01:34]} 32. Rhb1 {[%emt 0:00:30]} Ke7 {[%emt 0:00:45]} 33. Rxc8 {[%emt 0:01:30]} Qxc8 {[%emt 0:00:16]} 34. Qf3 {[%emt 0:00:30]} Nd7 {[%emt 0:00:46]} 35. Qh3 {[%emt 0:00:30]} Qg8 {[%emt 0:02:52]} 36. Rf1 {[%emt 0:00:30]} Nb6 {[%emt 0:01:45]} 37. Rb1 {[%emt 0:01:30]} Nd7 {[%emt 0:01:05]} 38. Bd1 {[%emt 0:00:30]} Nf8 {[%emt 0:02:19]} 39. Bg4 {[%emt 0:00:30]} Kd7 {[%emt 0:00:57]} 40. Rb8 {[%emt 0:00:00]} Re7 {[%emt 0:00:35]} 41. Qh6 {[%emt 0:01:00]} 1-0

[Event "29th CRO-chT Junior 2020"]
[Site "Cakovec"]
[Date "2020.07.17"]
[Round "7.19"]
[White "Vuk, Sebastijan"]
[Black "Tomljanovic, Ivano"]
[Result "1-0"]
[WhiteElo "1382"]
[BlackElo "1393"]
[Annotator "NA RC"]
[PlyCount "51"]
[EventDate "2020.07.14"]
[EventType "team-tourn"]
[EventCountry "CRO"]
[SourceTitle "playchess.com"]
[Source "ChessBase"]
[SourceQuality "1"]
[TimeControl "5400+30"]

1. e4 {[%emt 0:00:30]} e5 {[%emt 0:00:30]} 2. Nf3 {[%emt 0:00:00]} Nc6 {[%emt 0:00:00]} 3. Bb5 {[%emt 0:00:00]} d6 {[%emt 0:00:00]} 4. Bxc6+ {[%emt 0:00:00]} bxc6 {[%emt 0:00:30]} 5. Nc3 {[%emt 0:00:00]} Nf6 {[%emt 0:00:30]} 6. d3 {[%emt 0:00:30]} Be7 {[%emt 0:00:30]} 7. h3 {[%emt 0:01:30]} O-O {[%emt 0:00:30]} 8. O-O {[%emt 0:00:00]} Be6 {[%emt 0:01:30]} 9. Bg5 {[%emt 0:02:00]} h6 {[%emt 0:00:30]} 10. Bh4 {[%emt 0:00:30]} Qd7 {[%emt 0:00:30]} 11. Nd2 {[%emt 0:04:30]} Bxh3 {[%emt 0:05:30]} 12. gxh3 {[%emt 0:08:30]} Qxh3 {[%emt 0:00:30]} 13. Bxf6 {[%emt 0:00:30]} gxf6 {[%emt 0:02:30]} 14. Qf3 {[%emt 0:00:30]} Qe6 {[%emt 0:01:30]} 15. Kh2 {[%emt 0:00:30]} Kh7 {[%emt 0:01:30]} 16. Rg1 {[%emt 0:03:30]} Rg8 {[%emt 0:02:30]} 17. Ne2 {[%emt 0:07:30]} Rg6 {[%emt 0:04:30]} 18. Ng3 {[%emt 0:01:30]} Rag8 {[%emt 0:01:30]} 19. Nf5 {[%emt 0:00:30]} Bd8 {[%emt 0:01:30]} 20. Qe3 {[%emt 0:00:30]} Qe8 {[%emt 0:02:30]} 21. Qxa7 {[%emt 0:04:30]} Rg5 {[%emt 0:01:30]} 22. Rxg5 {[%emt 0:04:30]} Rxg5 {[%emt 0:00:30]} 23. Nf3 {[%emt 0:00:30]} Rg4 {[%emt 0:00:30]} 24. Qe3 {[%emt 0:01:30]} Rg6 {[%emt 0:01:30]} 25. N3h4 {[%emt 0:00:00]} Rg5 {[%emt 0:00:00]} 26. a4 {[%emt 0:01:00]} 1-0

[Event "29th CRO-chT Junior 2020"]
[Site "Cakovec"]
[Date "2020.07.17"]
[Round "7.20"]
[White "Kresic, Vid"]
[Black "Kristofic, Dino"]
[Result "1-0"]
[WhiteElo "1216"]
[BlackElo "1290"]
[Annotator "NA RC"]
[PlyCount "43"]
[EventDate "2020.07.14"]
[EventType "team-tourn"]
[EventCountry "CRO"]
[SourceTitle "playchess.com"]
[Source "ChessBase"]
[SourceQuality "1"]
[TimeControl "5400+30"]

1. d4 {[%emt 0:00:30]} d5 {[%emt 0:00:30]} 2. Nf3 {[%emt 0:00:30]} Nf6 {[%emt 0:01:30]} 3. Bf4 {[%emt 0:01:30]} Bf5 {[%emt 0:01:30]} 4. e3 {[%emt 0:00:30]} Nbd7 {[%emt 0:01:30]} 5. Nbd2 {[%emt 0:01:30]} e6 {[%emt 0:00:30]} 6. Be2 {[%emt 0:00:30]} Rc8 {[%emt 0:01:30]} 7. c4 {[%emt 0:01:30]} c6 {[%emt 0:01:30]} 8. Qb3 {[%emt 0:01:30]} b6 {[%emt 0:01:30]} 9. O-O {[%emt 0:00:30]} c5 {[%emt 0:02:30]} 10. cxd5 {[%emt 0:00:30]} exd5 {[%emt 0:01:30]} 11. Ba6 {[%emt 0:01:30]} Rc6 {[%emt 0:07:30]} 12. Bb7 {[%emt 0:00:30]} Re6 {[%emt 0:07:30]} 13. Bxd5 {[%emt 0:01:30]} Nxd5 {[%emt 0:00:30]} 14. Qxd5 {[%emt 0:00:30]} Bg6 {[%emt 0:03:30]} 15. Ng5 {[%emt 0:01:30]} Rf6 {[%emt 0:03:30]} 16. Nde4 {[%emt 0:02:30]} Bxe4 {[%emt 0:02:30]} 17. Nxe4 {[%emt 0:01:30]} Rg6 {[%emt 0:02:30]} 18. Rfd1 {[%emt 0:05:30]} Be7 {[%emt 0:06:30]} 19. dxc5 {[%emt 0:01:30]} bxc5 {[%emt 0:03:30]} 20. Nd6+ {[%emt 0:00:30]} Bxd6 {[%emt 0:03:30]} 21. Bxd6 {[%emt 0:00:30]} Rg5 {[%emt 0:02:30]} 22. Qe4+ {[%emt 0:00:30]} 1-0

[Event "29th CRO-chT Junior 2020"]
[Site "Cakovec"]
[Date "2020.07.17"]
[Round "8.1"]
[White "Sos, Fran"]
[Black "Karlovcec, David"]
[Result "1-0"]
[WhiteElo "2024"]
[BlackElo "1655"]
[Annotator "TA"]
[PlyCount "115"]
[EventDate "2020.07.14"]
[EventType "team-tourn"]
[EventCountry "CRO"]
[SourceTitle "playchess.com"]
[Source "ChessBase"]
[SourceQuality "1"]

{[%evp 13,115,2,0,0,147,151,164,137,130,137,133,138,157,135,171,172,202,196,215,189,214,181,182,166,170,102,102,105,121,83,89,85,108,102,110,67,63,73,96,69,66,25,42,23,39,44,243,243,229,236,236,236,247,247,247,247,377,392,364,306,550,543,531,522,581,543,641,599,675,530,3913,3289,2388,2104,1727,1627,905,845,5112,5008,2725,2556,1899,1500,29977,29977,29976,29970,1976,8,8,8,8,8,29986,29987,29988,29989,29989,29990,29990,29991,29994,29995]} 1. d4 d5 2. c4 e6 3. Nc3 Nf6 4. cxd5 exd5 5. Bg5 Be7 6. e3 Bf5 7. Qb3 Nbd7 8. Qxb7 {[#] D35: Queen's Gambit Declined: Exchange Variation.} Nb6 $146 (8... O-O $11) ({Predecessor:} 8... Rb8 9. Qxa7 Rxb2 10. Bb5 Bb4 11. Nge2 Rc2 12. Bxf6 gxf6 13. Bxd7+ Bxd7 14. Kd1 Rxc3 15. Nxc3 Bxc3 {½-½ (26) Olarte Puerta,C (1708)-Cordoba Perez,J Antioquia 2018}) 9. Bb5+ $16 Kf8 10. Bf4 {White is clearly better.} Bd6 11. Bxd6+ Qxd6 12. Qc6 Ke7 13. Rc1 Bd7 14. Qxd6+ Kxd6 15. Nf3 c6 16. Bd3 Be6 17. Ne2 a5 18. Nf4 Nbd7 19. Ng5 ({White should try} 19. O-O $18) 19... Rhb8 20. Rc2 h6 21. Nfxe6 fxe6 22. Nf3 c5 23. dxc5+ $1 Nxc5 24. Be2 Rb4 25. O-O Rab8 26. b3 a4 27. Nd4 (27. bxa4 $5 {[%cal Rf1c1]} Rb2 28. Rfc1 $14) 27... axb3 28. axb3 R8b6 29. Rb1 $36 {[%mdl 2048] White fights for an advantage.} Nxb3 $2 {[#]} (29... g6 $14) 30. Nb5+ $1 $18 {[%mdl 512]} R6xb5 (30... R4xb5 31. Bxb5) 31. Bxb5 Rxb5 32. Rcb2 Ke5 33. Rxb3 Rxb3 34. Rxb3 {[%mdl 4096] Endgame KR-KN} Kf5 (34... h5 $142 35. f3 g5) 35. f3 h5 36. h4 g5 $2 (36... Ng8 {was necessary.} 37. Kf2 Nh6) 37. hxg5 Kxg5 38. Kf2 e5 39. Rb5 Kf5 40. Kg3 Kg5 41. f4+ exf4+ 42. exf4+ Kf5 43. Kf3 Ke6 44. Rb6+ Kf5 45. Rd6 Kg6 46. g3 Kf5 47. Ke3 Kg6 48. Kd3 Kf5 49. Kd4 Nh7 50. Kxd5 Nf6+ {[#]} 51. Rxf6+ $1 Kxf6 {KPP-KP} 52. Ke4 {Intending f5 and mate.} Ke6 53. f5+ Kf7 $2 {[%mdl 8192]} (53... Ke7 $11 54. Ke5 Kd8 55. f6 Kd7 56. Kd5 h4 57. gxh4 Kd8 58. Kd6 Ke8) 54. Ke5 {White mates.} Ke7 {[#]} 55. f6+ $1 Kf7 56. Kf5 Kf8 57. Ke6 Ke8 58. f7+ {Accuracy: White = 79%, Black = 51%.} 1-0

[Event "29th CRO-chT Junior 2020"]
[Site "Cakovec"]
[Date "2020.07.17"]
[Round "8.2"]
[White "Stampar, Jakov"]
[Black "Kanizaj, Benjamin"]
[Result "1/2-1/2"]
[WhiteElo "1465"]
[BlackElo "1968"]
[Annotator "TA"]
[PlyCount "100"]
[EventDate "2020.07.14"]
[EventType "team-tourn"]
[EventCountry "CRO"]
[SourceTitle "playchess.com"]
[Source "ChessBase"]
[SourceQuality "1"]

{[%evp 9,100,144,146,136,140,144,168,172,179,179,180,178,189,172,191,170,160,156,172,145,152,150,173,137,148,137,173,109,122,118,119,54,69,56,60,60,81,78,79,69,113,116,121,0,0,0,0,0,239,62,51,51,57,75,1270,75,1197,65,1035,75,2394,2345,2256,0,49,0,1430,0,49,0,2080,0,2178,0,2014,0,389,0,1414,0,58,0,1310,0,60,0,2031,0,60,0,1135,0,68]} 1. d4 d5 2. Bf4 c5 3. Nc3 Nf6 4. e3 Nc6 5. Nb5 e5 6. dxe5 {D00: 1 d4 d5: Unusual lines.} a6 7. Nc3 $1 ({Much weaker is} 7. exf6 $6 axb5 8. Nf3 gxf6 $14) 7... Ne4 8. Qxd5 {White is clearly better.} Nxc3 9. Qxd8+ Kxd8 10. bxc3 Be6 {[#]} 11. Nf3 $146 ({Predecessor:} 11. Bd3 Be7 12. Nf3 h6 13. h4 g6 14. a4 Kc7 15. Be4 Na5 16. Nd2 g5 17. Bg3 {1-0 (33) Hughes,R (2040)-Cooper,J (2046) England 2014}) 11... h6 12. Bd3 g5 13. Bg3 Bg7 14. Rd1 Ke7 15. a3 Bd5 16. Bf5 Rad8 17. e4 Bc4 18. Nd2 (18. Rxd8 $18 Rxd8 19. h4) 18... Be6 19. Bxe6 Kxe6 20. Nc4 (20. Ke2 $16) 20... Nxe5 $14 21. Bxe5 Bxe5 22. Nxe5 Rxd1+ 23. Kxd1 Kxe5 {[%mdl 4096] Endgame KR-KR} 24. f3 Rd8+ 25. Ke2 b5 26. Rd1 (26. h4 $1 $16) 26... Rxd1 $11 27. Kxd1 {KP-KP} a5 $1 28. Kd2 g4 $2 (28... a4 $11 {and Black stays safe.}) 29. Ke3 $2 ({Worse is} 29. fxg4 Kxe4 30. Ke2 a4 $11) (29. c4 $1 $18 {[%cal Rc4b5]} b4 30. axb4 (30. fxg4 $2 bxa3 31. Kc1 Kxe4 $19) 30... cxb4 31. c5) 29... gxf3 $14 30. gxf3 a4 $1 31. f4+ Kf6 $2 {[%mdl 8192]} (31... Ke6 $16) 32. Kd3 $2 (32. Kd2 $18 {and White stays clearly on top.} Ke6 33. Kc1) 32... Kg6 $2 {[%mdl 8192]} (32... Ke6 $16) 33. h3 $2 (33. f5+ $18 Kf6 34. c4) 33... Kf6 $2 {[%mdl 8192]} (33... f5 $14 34. e5 Kf7) 34. h4 $2 (34. c4 $18 {has better winning chances.} b4 35. axb4 cxb4 36. Kd2) 34... h5 $2 {[%mdl 8192]} (34... Ke6 $16) 35. Kd2 $18 Ke6 {[#]} 36. Kd3 $2 (36. c4 $1 $18 {[%mdl 512]} b4 (36... bxc4 37. c3) 37. axb4 cxb4 38. f5+ Kd6 39. Kc1) 36... Kd6 37. Kd2 Kc6 $2 {[%mdl 8192]} (37... Ke6 $11) 38. Kd3 $2 (38. Kc1 $18 f6 39. c4 $1 {[%mdl 512]}) 38... Kd6 $1 $14 39. Kd2 Kc6 $2 {[%mdl 8192]} (39... Ke6 $11) 40. Kd3 $2 (40. Kc1 $18 {Black must now prevent c4!} Kd6 41. c4 $1 {[%mdl 512]} bxc4 42. Kd2) 40... Kb6 $2 {[%mdl 8192]} (40... Kd6 $11) 41. Kd2 $2 (41. e5 $18 {Strongly threatening f5.} Kc6 42. c4) 41... Kc7 $2 {[%mdl 8192] [#]} (41... Kc6 $11) 42. Kd3 $2 (42. c4 $1 $18 {[%mdl 512]} b4 (42... bxc4 43. Kc3) 43. axb4) 42... Kd7 $2 {[%mdl 8192] [#]} (42... Kd6 $11 {and Black is okay.}) 43. Kd2 $2 ({Only move:} 43. f5 $1 $18) 43... Ke7 $2 {[%mdl 8192]} (43... Kc6 $11) 44. Kd3 $2 (44. c4 $18) 44... Kd6 (44... Kd7 $11) 45. Kd2 $2 {[%mdl 8192]} (45. Ke3 $14) 45... Kc6 $18 46. Kd3 $2 (46. f5 $18 {And now c4 would win.} Kc7 47. c4) 46... Kd6 $14 47. Kd2 (47. Ke3 $14) 47... Kc6 $2 {[%mdl 8192]} (47... Kc7 $11) 48. Kd3 $2 (48. f5 $18 {Hoping for c4.} f6 49. c4 bxc4 50. Kc3) 48... Kd6 ({Black should try} 48... Kb6 $11) 49. Kd2 (49. Ke2 $14) 49... Kc6 $2 {[%mdl 8192] [#]} (49... Ke7 $11) 50. Kd3 $2 ({Better is} 50. c4 $1 $18 {[%mdl 512]} b4 (50... bxc4 51. Kc3) 51. e5) 50... Kd6 {Accuracy: White = 36%, Black = 46%.} 1/2-1/2